000 00650namaa22001571 4500
001 173779
003 ES-MaACL
005 20230906215337.0
008 100118s1848 sp |||| | spa d
040 _aSpMaBN
_bspa
_cA2
100 1 _aAriza, Juan de.
_9141983
245 1 0 _aDon Alonso de Ercilla
_b: drama original en cuatro actos y en verso /
_cpor Juan de Ariza.
260 _aMadrid :
_b[s.n.],
_c1848 (
_fImp. de Repullés)
300 _a82 p. ;
_c17 cm.
852 _aES-MaACL
_jB-8603(19)
_z.- Enc. pasta española
_q.- Falto de la cub. original
_z.- Enc. en un vol. facticio formando parte de la col. facticia "Teatro español moderno", vol. 56
999 _c173779
_d173779